000 00610nam a22001815i 4500
001 68502
003 ES-MaACL
007 t|
008 960806s1858 fr ||||1| fre d
040 _aCAM
_bspa
_cCAM
100 1 _aGarguille, Gaultier.
_955541
245 1 0 _aChansons de Gaultier Garguille /
_csuivie des piéces relatives a ce farceur; avec introduction et notes par Edouard Fournier.
250 _aNouvelle éd.
260 _aParis :
_bchez P. Jannet,
_c1858 (
_fimprimé par E. Thunot et Cie.)
300 _aCXII, 256 p. ;
_c17 cm.
700 1 _aFournier, Edouard.
_951978
852 _aES-MaACL
_jG-2291
999 _c68502
_d68502